00737nam a2200193 a 450000100100000000500170001000800410002704000250006808200220009310000300011524500630014525000110020826000480021930000430026750400290031004900090033995201780034899900170052600003230820200930065556.0110714s1968 dr abc 000 0 spa d aDO-SdBNPbspacBNPHU axxxxbM766b, 19681 aMontas, Argentinas95833010aBosquejo de la historia de américa /cArgentinas Montas. a3a ed. aSanto Domingo :bEditora del Caribe,c1968. a288 p. :bil., mapas, retrs. ;c22 cm. aBibliografía : p. 288. aBNPD 0010718PDaPDbPDcCTd2011-07-14iLF1l0oxxxx M766b, 1968p32308-10r2020-06-25w2020-06-25yLFPDzPerteneció a la biblioteca personal de Martínez BoogZNo se presta c31799d31799